[Event "3FoglarVeterans_GM_B"]
[Site "?"]
[Date "2007.??.??"]
[Round "?"]
[White "Szczepanski, Zbigniew (POL)"]
[Black "Prokopp, Heinz (GER)"]
[Result "1/2-1/2"]
[WhiteElo "2471"]
[BlackElo "2427"]
[PlyCount "46"]
[EventDate "2007.??.??"]
[EventType "corr"]
[SourceDate "2007.05.17"]

1. d4 Nf6 2. c4 e6 3. Nf3 d5 4. Nc3 Bb4 5. Bg5 h6 6. Bxf6 Qxf6 7. e3 O-O 8. Be2
dxc4 9. O-O Qe7 10. Bxc4 c5 11. Qc2 cxd4 12. exd4 Nd7 13. Rfe1 Nf6 14. d5 Qc5
15. Na4 Qe7 16. dxe6 Bxe6 17. Nc3 Rae8 18. Bxe6 fxe6 19. Rad1 Qf7 20. Ne5 Qh5
21. Nd3 Bd6 22. h3 Nd5 23. Qa4 Bb8 1/2-1/2

[Event "3FoglarVeterans_GM_B"]
[Site "?"]
[Date "2007.??.??"]
[Round "?"]
[White "Borroni, Enrico (ITA)"]
[Black "Jandek, Stefan (CZE)"]
[Result "1/2-1/2"]
[WhiteElo "2393"]
[BlackElo "2439"]
[PlyCount "36"]
[EventDate "2007.??.??"]
[EventType "corr"]
[SourceDate "2007.05.17"]

1. d4 Nf6 2. Nf3 d5 3. c4 e6 4. cxd5 exd5 5. Bg5 Be7 6. e3 O-O 7. Nc3 Nbd7 8.
Bd3 c6 9. Qc2 Re8 10. O-O Nf8 11. Rab1 Bd6 12. b4 Ng6 13. b5 h6 14. bxc6 bxc6
15. Bxf6 Qxf6 16. e4 Nf4 17. e5 Qe6 18. Ne2 Nxd3 1/2-1/2

[Event "3FoglarVeterans_GM_B"]
[Site "?"]
[Date "2007.??.??"]
[Round "?"]
[White "Jandek, Stefan (CZE)"]
[Black "Prokopp, Heinz (GER)"]
[Result "1/2-1/2"]
[WhiteElo "2439"]
[BlackElo "2427"]
[PlyCount "50"]
[EventDate "2007.??.??"]
[EventType "corr"]
[SourceDate "2007.05.17"]

1. e4 e6 2. d4 d5 3. Nc3 Bb4 4. e5 c5 5. a3 Bxc3+ 6. bxc3 Ne7 7. Qg4 O-O 8. Bd3
f5 9. exf6 Rxf6 10. Bg5 Rf7 11. Qh5 g6 12. Qd1 Nbc6 13. Nf3 Qf8 14. O-O c4 15.
Be2 h6 16. Bc1 Qg7 17. a4 Bd7 18. Ba3 g5 19. Bd6 Ng6 20. Qd2 Rd8 21. h3 Bc8 22.
Bg3 Nf4 23. Bd1 Rdf8 24. Re1 Rf5 25. Re3 b6 1/2-1/2

[Event "3FoglarVeterans_GM_B"]
[Site "?"]
[Date "2007.??.??"]
[Round "?"]
[White "Morais, Gustavo (POR)"]
[Black "Prokopp, Heinz (GER)"]
[Result "1-0"]
[WhiteElo "2376"]
[BlackElo "2427"]
[PlyCount "71"]
[EventDate "2007.??.??"]
[EventType "corr"]
[SourceDate "2007.05.17"]

1. e4 e6 2. d4 d5 3. Nc3 Bb4 4. e5 c5 5. a3 Bxc3+ 6. bxc3 Ne7 7. Qg4 Qc7 8.
Qxg7 Rg8 9. Qxh7 cxd4 10. Ne2 dxc3 11. f4 b6 12. Ng3 Qc5 13. Nh5 Rf8 14. Nf6+
Kd8 15. g4 Nec6 16. h4 Nd7 17. Nxd7 Kxd7 18. Qd3 Bb7 19. Rh3 d4 20. h5 Rh8 21.
Be3 Kc7 22. Bf2 Rag8 23. Be2 Qd5 24. Rd1 Qg2 25. Rh4 Qd5 26. Qc4 Qe4 27. Bxd4
Kb8 28. Bf2 Qxc2 29. Rh3 Rc8 30. Rxc3 Nd4 31. Qxc8+ Rxc8 32. Rxc2 Nxc2+ 33. Kf1
Nxa3 34. g5 Be4 35. h6 b5 36. Bh5 1-0

[Event "3FoglarVeterans_GM_B"]
[Site "?"]
[Date "2007.??.??"]
[Round "?"]
[White "Prokopp, Heinz (GER)"]
[Black "Borroni, Enrico (ITA)"]
[Result "1/2-1/2"]
[WhiteElo "2427"]
[BlackElo "2393"]
[PlyCount "76"]
[EventDate "2007.??.??"]
[EventType "corr"]
[SourceDate "2007.05.17"]

1. e4 c6 2. d4 d5 3. Nc3 dxe4 4. Nxe4 Bf5 5. Ng3 Bg6 6. h4 h6 7. Nf3 Nd7 8. h5
Bh7 9. Bd3 Bxd3 10. Qxd3 e6 11. Bd2 Ngf6 12. O-O-O Be7 13. Ne4 Nxe4 14. Qxe4
Nf6 15. Qe2 Qd5 16. c4 Qe4 17. Qxe4 Nxe4 18. Be3 O-O 19. Ne5 Rfd8 20. g4 c5 21.
f3 cxd4 22. Rxd4 Rxd4 23. Bxd4 Ng5 24. Rf1 Rc8 25. b3 Rd8 26. Bc3 f6 27. Ng6
Kf7 28. Kc2 Bd6 29. b4 b6 30. a3 Bc7 31. Bd2 Ke8 32. Be3 Kf7 33. c5 Ke8 34. f4
Ne4 35. c6 Rd5 36. Re1 Nd6 37. a4 a6 38. Bf2 Kf7 1/2-1/2

[Event "3FoglarVeterans_GM_B"]
[Site "?"]
[Date "2007.??.??"]
[Round "?"]
[White "Isigkeit, Hans-Jurgen (GER)"]
[Black "Borroni, Enrico (ITA)"]
[Result "1/2-1/2"]
[WhiteElo "2438"]
[BlackElo "2393"]
[PlyCount "44"]
[EventDate "2007.??.??"]
[EventType "corr"]
[SourceDate "2007.05.17"]

1. d4 d5 2. c4 c6 3. Nf3 Nf6 4. Nc3 a6 5. c5 Nbd7 6. Bf4 Nh5 7. Bd2 Nhf6 8. e3
e5 9. Nxe5 Nxe5 10. dxe5 Nd7 11. Na4 Nxc5 12. Nxc5 Bxc5 13. Rc1 Qe7 14. Bd3 Bb4
15. f4 O-O 16. O-O Bxd2 17. Qxd2 f6 18. Qc2 g6 19. e4 fxe5 20. exd5 cxd5 21.
fxe5 Bd7 22. Qc3 Rac8 1/2-1/2

[Event "3FoglarVeterans_GM_B"]
[Site "?"]
[Date "2007.??.??"]
[Round "?"]
[White "Morais, Gustavo (POR)"]
[Black "Jandek, Stefan (CZE)"]
[Result "0-1"]
[WhiteElo "2376"]
[BlackElo "2439"]
[PlyCount "92"]
[EventDate "2007.??.??"]
[EventType "corr"]
[SourceDate "2007.05.17"]

1. e4 c5 2. Nf3 d6 3. d4 cxd4 4. Nxd4 Nf6 5. Nc3 a6 6. Rg1 b5 7. g4 Bb7 8. Bg2
e6 9. g5 Nfd7 10. f4 Nc6 11. a3 Be7 12. h4 O-O 13. Be3 Na5 14. Bf1 Nb6 15. Qe2
d5 16. exd5 Nxd5 17. Nxd5 Bxd5 18. O-O-O b4 19. axb4 Bxb4 20. Bg2 Rb8 21. Bxd5
Qxd5 22. b3 Nxb3+ 23. Nxb3 Ba3+ 24. Kb1 Rxb3+ 25. cxb3 Qxb3+ 26. Ka1 Qc3+ 27.
Ka2 Qa5 28. Bb6 Qxb6 29. Qe5 Qb4 30. Rg3 Rc8 31. Qe2 Bc1 32. Rgd3 Qa5+ 33. Kb1
Qb6+ 34. Ka1 Bxf4 35. Qb2 Qa5+ 36. Qa2 Be5+ 37. Kb1 Qb4+ 38. Qb3 Qe4 39. Rc1
Rxc1+ 40. Kxc1 h6 41. gxh6 gxh6 42. Qa3 a5 43. Rd8+ Kh7 44. Qd3 Qxd3 45. Rxd3
h5 46. Re3 Bf4 0-1

[Event "3FoglarVeterans_GM_B"]
[Site "?"]
[Date "2007.??.??"]
[Round "?"]
[White "Kurylo, Ryszard (LTU)"]
[Black "Jandek, Stefan (CZE)"]
[Result "1/2-1/2"]
[WhiteElo "2394"]
[BlackElo "2439"]
[PlyCount "66"]
[EventDate "2007.??.??"]
[EventType "corr"]
[SourceDate "2007.05.17"]

1. e4 e5 2. Nf3 Nc6 3. Bb5 a6 4. Ba4 Nf6 5. O-O Be7 6. Re1 b5 7. Bb3 O-O 8. c3
d6 9. h3 Bb7 10. d4 Re8 11. Nbd2 Bf8 12. a4 h6 13. d5 Nb8 14. Nh2 Nbd7 15. Ng4
Nxg4 16. hxg4 Nc5 17. axb5 axb5 18. Rxa8 Qxa8 19. Bc2 c6 20. b4 Nd7 21. dxc6
Bxc6 22. Nf1 Nb6 23. g5 hxg5 24. Bxg5 Re6 25. Nd2 Rg6 26. Qh5 Nc4 27. Nxc4 bxc4
28. g3 Qa3 29. Rc1 Be7 30. Bd2 Qa8 31. Qe2 Bd8 32. Qxc4 Bb6 33. Qe2 Rxg3+
1/2-1/2

[Event "3FoglarVeterans_GM_B"]
[Site "?"]
[Date "2007.??.??"]
[Round "?"]
[White "Roos, Jacqueline (FRA)"]
[Black "Jandek, Stefan (CZE)"]
[Result "1/2-1/2"]
[WhiteElo "2388"]
[BlackElo "2439"]
[PlyCount "44"]
[EventDate "2007.??.??"]
[EventType "corr"]
[SourceDate "2007.05.17"]

1. e4 e5 2. Nf3 Nc6 3. Bb5 a6 4. Ba4 Nf6 5. O-O Be7 6. Re1 b5 7. Bb3 O-O 8. h3
Bb7 9. d3 d6 10. a3 Na5 11. Ba2 c5 12. Nc3 Nc6 13. Nd5 Nxd5 14. Bxd5 Qc7 15. c3
Nb8 16. Bxb7 Qxb7 17. d4 Nc6 18. d5 Na5 19. b4 cxb4 20. axb4 Nc4 21. Nd2 Nb6
22. Qc2 g5 1/2-1/2

[Event "3FoglarVeterans_GM_B"]
[Site "?"]
[Date "2007.??.??"]
[Round "?"]
[White "Barreras Garcia, Alberto (VEN)"]
[Black "Morais, Gustavo (POR)"]
[Result "1/2-1/2"]
[WhiteElo "2417"]
[BlackElo "2376"]
[PlyCount "83"]
[EventDate "2007.??.??"]
[EventType "corr"]
[SourceDate "2007.05.17"]

1. e4 c5 2. Nf3 d6 3. d4 cxd4 4. Nxd4 Nf6 5. Nc3 a6 6. Be3 Ng4 7. Bg5 h6 8. Bc1
Nc6 9. Be2 Qb6 10. Bxg4 Bxg4 11. Qxg4 Qxd4 12. O-O e6 13. Be3 Qb4 14. Rab1 d5
15. Bd2 Rd8 16. a3 Qc4 17. b3 Qd4 18. Rbd1 Be7 19. Qg3 Bd6 20. Qh3 Be5 21. exd5
exd5 22. Na4 Qa7 23. Bg5 f6 24. Be3 d4 25. Qe6+ Ne7 26. c3 Rd6 27. Bxd4 Qxd4
28. cxd4 Rxe6 29. dxe5 Rxe5 30. b4 a5 31. f4 Re2 32. Rf2 Rxf2 33. Kxf2 axb4 34.
axb4 b5 35. Nc5 Kf7 36. Rd7 Ra8 37. Rb7 Ra2+ 38. Kf3 Ra3+ 39. Ke4 Ra2 40. g3
Rxh2 41. Rxb5 g5 42. fxg5 1/2-1/2

[Event "3FoglarVeterans_GM_B"]
[Site "?"]
[Date "2007.??.??"]
[Round "?"]
[White "Barreras Garcia, Alberto (VEN)"]
[Black "Borroni, Enrico (ITA)"]
[Result "1/2-1/2"]
[WhiteElo "2417"]
[BlackElo "2393"]
[PlyCount "74"]
[EventDate "2007.??.??"]
[EventType "corr"]
[SourceDate "2007.05.17"]

1. e4 c6 2. d4 d5 3. f3 e6 4. Nc3 Bb4 5. Bf4 Nf6 6. Qd3 b6 7. Nge2 Ba6 8. Qe3
O-O 9. O-O-O Nbd7 10. h4 c5 11. e5 Ne8 12. a3 Bxc3 13. Nxc3 Bxf1 14. Rhxf1 cxd4
15. Rxd4 Nb8 16. Bg5 Qc7 17. Rg4 Kh8 18. Nb5 Qd7 19. Nd4 Nc6 20. h5 f5 21. Rf4
Nxd4 22. Qxd4 Rc8 23. Qd2 h6 24. Bh4 Qc7 25. Re1 Rf7 26. Rd4 b5 27. g4 fxg4 28.
fxg4 a5 29. g5 hxg5 30. Bxg5 b4 31. axb4 axb4 32. Rxb4 Ra8 33. c3 Ra1+ 34. Kc2
Rxe1 35. Qxe1 Rf5 36. Qg3 Kh7 37. Be3 Rxh5 1/2-1/2

[Event "3FoglarVeterans_GM_B"]
[Site "?"]
[Date "2007.??.??"]
[Round "?"]
[White "Isigkeit, Hans-Jurgen (GER)"]
[Black "Barreras Garcia, Alberto (VEN)"]
[Result "1/2-1/2"]
[WhiteElo "2438"]
[BlackElo "2417"]
[PlyCount "50"]
[EventDate "2007.??.??"]
[EventType "corr"]
[SourceDate "2007.05.17"]

1. d4 d5 2. c4 c6 3. Nf3 Nf6 4. Nc3 dxc4 5. a4 Bf5 6. e3 e6 7. Bxc4 Bb4 8. O-O
O-O 9. Qe2 Nbd7 10. e4 Bg6 11. Bd3 Bh5 12. Bf4 Qe7 13. e5 Nd5 14. Nxd5 cxd5 15.
Rfc1 Rfc8 16. Qe3 Qe8 17. h3 Rxc1+ 18. Rxc1 Rc8 19. Nh4 Rxc1+ 20. Qxc1 Be7 21.
Bg5 Nf8 22. g3 f6 23. exf6 gxf6 24. Bb5 Qd8 25. Bh6 Be8 1/2-1/2

[Event "3FoglarVeterans_GM_B"]
[Site "?"]
[Date "2007.??.??"]
[Round "?"]
[White "Szczepanski, Zbigniew (POL)"]
[Black "Jandek, Stefan (CZE)"]
[Result "0-1"]
[WhiteElo "2471"]
[BlackElo "2439"]
[PlyCount "78"]
[EventDate "2007.??.??"]
[EventType "corr"]
[SourceDate "2007.05.17"]

1. d4 Nf6 2. c4 e6 3. Nf3 d5 4. Nc3 Be7 5. Bf4 O-O 6. e3 c5 7. dxc5 Bxc5 8. a3
Nc6 9. Qc2 Qa5 10. O-O-O Be7 11. Nd2 Qb6 12. Be2 d4 13. Na4 Qa6 14. Rhe1 b6 15.
Nf3 Bd7 16. exd4 Nxd4 17. Nxd4 Bxa4 18. b3 Bd7 19. a4 Rac8 20. Kb2 Nd5 21. Bd2
b5 22. Nxb5 Bf6+ 23. Nc3 Nb4 24. Qc1 Qa5 25. Ka3 Be7 26. Kb2 Bc6 27. g4 Rb8 28.
g5 Rb7 29. Rg1 a6 30. Rg4 Qf5 31. Qb1 Qxf2 32. Rf1 Qc5 33. Rg3 Rfb8 34. Kc1 Rd7
35. Be3 Qa5 36. Kb2 Bd6 37. Rh3 g6 38. Rd1 Be5 39. Rxd7 Bxd7 0-1

[Event "3FoglarVeterans_GM_B"]
[Site "?"]
[Date "2007.??.??"]
[Round "?"]
[White "Lelenko, Alexej (SVK)"]
[Black "Szczepanski, Zbigniew (POL)"]
[Result "1/2-1/2"]
[WhiteElo "2455"]
[BlackElo "2471"]
[PlyCount "27"]
[EventDate "2007.??.??"]
[EventType "corr"]
[SourceDate "2007.05.17"]

1. e4 e6 2. d4 d5 3. Nc3 Nf6 4. Bg5 dxe4 5. Nxe4 Be7 6. Bxf6 gxf6 7. Nf3 f5 8.
Nc3 a6 9. Qd2 b5 10. O-O-O Qd6 11. Qe3 Nd7 12. d5 Nb6 13. dxe6 Qxe6 14. Qf4
1/2-1/2

[Event "3FoglarVeterans_GM_B"]
[Site "?"]
[Date "2007.??.??"]
[Round "?"]
[White "Borroni, Enrico (ITA)"]
[Black "Szczepanski, Zbigniew (POL)"]
[Result "1/2-1/2"]
[WhiteElo "2393"]
[BlackElo "2471"]
[PlyCount "78"]
[EventDate "2007.??.??"]
[EventType "corr"]
[SourceDate "2007.05.17"]

1. d4 Nf6 2. c4 e6 3. Nf3 d5 4. cxd5 exd5 5. Nc3 h6 6. Bf4 Bd6 7. Bxd6 Qxd6 8.
e3 Bf5 9. Bd3 Bxd3 10. Qxd3 O-O 11. O-O Re8 12. Rab1 Nbd7 13. b4 c6 14. Rfc1
Ne4 15. Qc2 Nxc3 16. Qxc3 a6 17. Qc2 Nb6 18. Nd2 Qe6 19. a4 Nc8 20. b5 cxb5 21.
axb5 a5 22. Qa2 Ne7 23. Rc7 b6 24. Qa3 Rac8 25. Rbc1 Red8 26. h3 Rxc7 27. Rxc7
Rd7 28. Rc3 Ra7 29. Nb1 Qd7 30. Qa4 f6 31. Qb3 Kf7 32. Rc2 Qf5 33. Rc1 Qe6 34.
Qa3 Qd7 35. Qb3 Qd6 36. Rc3 Rc7 37. Rxc7 Qxc7 38. Nc3 Qd6 39. Na4 Ke6 1/2-1/2

[Event "3FoglarVeterans_GM_B"]
[Site "?"]
[Date "2007.??.??"]
[Round "?"]
[White "Borroni, Enrico (ITA)"]
[Black "Morais, Gustavo (POR)"]
[Result "1-0"]
[WhiteElo "2393"]
[BlackElo "2376"]
[PlyCount "87"]
[EventDate "2007.??.??"]
[EventType "corr"]
[SourceDate "2007.05.17"]

1. d4 Nf6 2. c4 e6 3. Nf3 b6 4. g3 Ba6 5. b3 Bb4+ 6. Bd2 Be7 7. Bg2 c6 8. Bc3
d5 9. Ne5 Ne4 10. O-O f6 11. Nd3 dxc4 12. Bxe4 cxd3 13. Bxd3 O-O 14. Be4 f5 15.
Bg2 Qc7 16. Nd2 Nd7 17. Rc1 Nf6 18. Bb2 Bb7 19. e4 Qd7 20. exf5 exf5 21. Nf3
Nd5 22. Ne5 Qd6 23. Re1 Rac8 24. Qd3 g6 25. Nc4 Qf6 26. Rxe7 Qxe7 27. Ba3 Qe6
28. Nd6 Rf7 29. Qd2 Re8 30. Nxe8 Qxe8 31. Re1 Qd7 32. Re5 Ba6 33. Bxd5 cxd5 34.
Qf4 Bd3 35. Re3 Ba6 36. h4 Qc8 37. h5 gxh5 38. Bd6 Rg7 39. Qe5 Rf7 40. Qe8+ Kg7
41. Qxc8 Bxc8 42. Re8 Bd7 43. Be5+ Kh6 44. Rg8 1-0

[Event "3FoglarVeterans_GM_B"]
[Site "?"]
[Date "2007.??.??"]
[Round "?"]
[White "Jandek, Stefan (CZE)"]
[Black "Baranowski, Tadeusz (POL)"]
[Result "1/2-1/2"]
[WhiteElo "2439"]
[BlackElo "2488"]
[PlyCount "39"]
[EventDate "2007.??.??"]
[EventType "corr"]
[SourceDate "2007.05.17"]

1. e4 e5 2. Nf3 Nf6 3. Nxe5 d6 4. Nf3 Nxe4 5. d4 Be7 6. Bd3 d5 7. O-O Nc6 8. c4
Nb4 9. cxd5 Nxd3 10. Qxd3 Qxd5 11. Re1 Bf5 12. Ne5 g6 13. Nc3 Nxc3 14. Qxc3
O-O-O 15. Bf4 Bd6 16. Bg5 Rde8 17. Bf6 Rhg8 18. Nc4 Rxe1+ 19. Rxe1 Kb8 20. a3
1/2-1/2

[Event "3FoglarVeterans_GM_B"]
[Site "?"]
[Date "2007.??.??"]
[Round "?"]
[White "Schuster, Juri (EST)"]
[Black "Borroni, Enrico (ITA)"]
[Result "1/2-1/2"]
[WhiteElo "2440"]
[BlackElo "2393"]
[PlyCount "54"]
[EventDate "2007.??.??"]
[EventType "corr"]
[SourceDate "2007.05.17"]

1. e4 c6 2. d4 d5 3. Nc3 dxe4 4. Nxe4 Bf5 5. Ng3 Bg6 6. h4 h6 7. Nf3 Nd7 8. h5
Bh7 9. Bd3 Bxd3 10. Qxd3 e6 11. Bf4 Ngf6 12. O-O-O Be7 13. Ne5 O-O 14. c4 Qa5
15. Nxd7 Nxd7 16. Kb1 Rad8 17. Rhe1 Rfe8 18. Qe2 Nf6 19. Be5 c5 20. dxc5 Qxc5
21. f4 Qc6 22. b3 a6 23. Rxd8 Rxd8 24. f5 exf5 25. Nxf5 Bf8 26. Bxf6 Qxf6 27.
Ne7+ Bxe7 1/2-1/2

[Event "3FoglarVeterans_GM_B"]
[Site "?"]
[Date "2007.??.??"]
[Round "?"]
[White "Lelenko, Alexej (SVK)"]
[Black "Prokopp, Heinz (GER)"]
[Result "1/2-1/2"]
[WhiteElo "2455"]
[BlackElo "2427"]
[PlyCount "59"]
[EventDate "2007.??.??"]
[EventType "corr"]
[SourceDate "2007.05.17"]

1. e4 e6 2. d4 d5 3. Nc3 Bb4 4. e5 c5 5. a3 Bxc3+ 6. bxc3 Ne7 7. Qg4 O-O 8. Bd3
f5 9. exf6 Rxf6 10. Bg5 Rf7 11. Qh5 g6 12. Qd1 Nbc6 13. Nf3 Qf8 14. O-O c4 15.
Be2 h6 16. Bc1 Qg7 17. a4 Bd7 18. Ba3 g5 19. Bd6 Ng6 20. h3 Rd8 21. Qd2 Bc8 22.
Bg3 Nf4 23. Rfe1 Rdf8 24. Bd1 Rf5 25. Nh2 h5 26. Bxf4 gxf4 27. Nf3 Kh8 28. Be2
Rg8 29. Bf1 b6 30. Kh1 1/2-1/2

[Event "3FoglarVeterans_GM_B"]
[Site "?"]
[Date "2007.??.??"]
[Round "?"]
[White "Jandek, Stefan (CZE)"]
[Black "Barreras Garcia, Alberto (VEN)"]
[Result "1-0"]
[WhiteElo "2439"]
[BlackElo "2417"]
[PlyCount "61"]
[EventDate "2007.??.??"]
[EventType "corr"]
[SourceDate "2007.05.17"]

1. e4 e6 2. d4 d5 3. Nc3 Bb4 4. e5 c5 5. a3 Bxc3+ 6. bxc3 Ne7 7. Qg4 Qc7 8.
Qxg7 Rg8 9. Qxh7 cxd4 10. Ne2 Nbc6 11. f4 Bd7 12. Qd3 dxc3 13. Qxc3 O-O-O 14.
Rb1 Nf5 15. Rg1 d4 16. Qd3 Na5 17. Rb4 a6 18. g4 Nh4 19. Nxd4 Bb5 20. Qe4 Bxf1
21. Kxf1 Ng6 22. Be3 Nc4 23. Nf5 Nxe3+ 24. Nxe3 Kb8 25. Rg2 Ne7 26. Rb3 Nd5 27.
g5 Nxe3+ 28. Qxe3 Rd1+ 29. Kf2 Ka8 30. Kg3 Rc8 31. Rd2 1-0

[Event "3FoglarVeterans_GM_B"]
[Site "?"]
[Date "2007.??.??"]
[Round "?"]
[White "Morais, Gustavo (POR)"]
[Black "Lelenko, Alexej (SVK)"]
[Result "1/2-1/2"]
[WhiteElo "2376"]
[BlackElo "2455"]
[PlyCount "48"]
[EventDate "2007.??.??"]
[EventType "corr"]
[SourceDate "2007.05.17"]

1. e4 c5 2. Nf3 Nc6 3. d4 cxd4 4. Nxd4 Nf6 5. Nc3 e5 6. Ndb5 d6 7. Nd5 Nxd5 8.
exd5 Nb8 9. Be3 a6 10. Nc3 Be7 11. Be2 O-O 12. O-O f5 13. a4 f4 14. Bd2 Bf5 15.
a5 Nd7 16. Bg4 Rc8 17. Re1 Bxg4 18. Qxg4 Rf6 19. Ne4 Rg6 20. Qf3 Rc4 21. c3 Nc5
22. b4 Nxe4 23. Rxe4 Qc8 24. Rae1 Rc7 1/2-1/2

[Event "3FoglarVeterans_GM_B"]
[Site "?"]
[Date "2007.??.??"]
[Round "?"]
[White "Lelenko, Alexej (SVK)"]
[Black "Jandek, Stefan (CZE)"]
[Result "1/2-1/2"]
[WhiteElo "2455"]
[BlackElo "2439"]
[PlyCount "66"]
[EventDate "2007.??.??"]
[EventType "corr"]
[SourceDate "2007.05.17"]

1. e4 c5 2. Nf3 d6 3. d4 cxd4 4. Nxd4 Nf6 5. Nc3 a6 6. Be3 e5 7. Nb3 Be6 8. f3
Be7 9. Qd2 O-O 10. O-O-O Qc7 11. g4 Nbd7 12. Kb1 Rfc8 13. Qf2 b5 14. g5 Nh5 15.
h4 b4 16. Nd5 Bxd5 17. Rxd5 Rcb8 18. f4 Nb6 19. Ra5 exf4 20. Bxf4 Nxf4 21. Qxf4
Nc4 22. Rd5 Rc8 23. Bxc4 Qxc4 24. Nd4 Bf8 25. h5 g6 26. hxg6 fxg6 27. Rf1 Qc7
28. Qg3 Re8 29. Qb3 Kh8 30. Rf4 Rab8 31. Qd3 Bg7 32. Rf1 Rbc8 33. Nf3 a5
1/2-1/2

[Event "3FoglarVeterans_GM_B"]
[Site "?"]
[Date "2007.??.??"]
[Round "?"]
[White "Szczepanski, Zbigniew (POL)"]
[Black "Isigkeit, Hans-Jurgen (GER)"]
[Result "1/2-1/2"]
[WhiteElo "2471"]
[BlackElo "2438"]
[PlyCount "67"]
[EventDate "2007.??.??"]
[EventType "corr"]
[SourceDate "2007.05.17"]

1. d4 Nf6 2. c4 e6 3. Nf3 b6 4. g3 Ba6 5. b3 Bb4+ 6. Bd2 Be7 7. Bg2 c6 8. Bc3
d5 9. Nbd2 Nbd7 10. O-O O-O 11. Re1 Bb7 12. e4 dxe4 13. Nxe4 Nxe4 14. Rxe4 a5
15. Qc2 Re8 16. Rd1 Qc7 17. Bd2 c5 18. Re2 cxd4 19. Nxd4 Bxg2 20. Kxg2 a4 21.
f3 axb3 22. axb3 Red8 23. Nf5 Bf8 24. Bf4 Qb7 25. Nd6 Qc6 26. Nb5 Nc5 27. Red2
Rxd2+ 28. Rxd2 Nb7 29. h4 Bb4 30. Rd4 f6 31. Rd1 Bc5 32. h5 e5 33. Bc1 Nd8 34.
Nc3 1/2-1/2

[Event "3FoglarVeterans_GM_B"]
[Site "?"]
[Date "2007.??.??"]
[Round "?"]
[White "Szczepanski, Zbigniew (POL)"]
[Black "Teichmann, Cenek (CZE)"]
[Result "1/2-1/2"]
[WhiteElo "2471"]
[BlackElo "2425"]
[PlyCount "43"]
[EventDate "2007.??.??"]
[EventType "corr"]
[SourceDate "2007.05.17"]

1. d4 Nf6 2. c4 e6 3. Nf3 b6 4. g3 Ba6 5. b3 Bb4+ 6. Bd2 Be7 7. Bg2 Bb7 8. Nc3
O-O 9. O-O Na6 10. e3 d5 11. Qe2 c5 12. Rfd1 Qc8 13. Rac1 dxc4 14. bxc4 Rd8 15.
Rb1 h6 16. Be1 Nb4 17. Nb5 Nc6 18. h3 Bf8 19. a3 Be7 20. dxc5 Rxd1 21. Rxd1
Bxc5 22. e4 1/2-1/2

[Event "3FoglarVeterans_GM_B"]
[Site "?"]
[Date "2007.??.??"]
[Round "?"]
[White "Roos, Jacqueline (FRA)"]
[Black "Prokopp, Heinz (GER)"]
[Result "1-0"]
[WhiteElo "2388"]
[BlackElo "2427"]
[PlyCount "67"]
[EventDate "2007.??.??"]
[EventType "corr"]
[SourceDate "2007.05.17"]

1. e4 e6 2. d4 d5 3. Nc3 Bb4 4. e5 c5 5. a3 Bxc3+ 6. bxc3 Ne7 7. Qg4 Qc7 8.
Qxg7 Rg8 9. Qxh7 cxd4 10. Ne2 dxc3 11. f4 b6 12. Nd4 Ba6 13. Bxa6 Nxa6 14. O-O
Nc5 15. Be3 a6 16. Rae1 O-O-O 17. Qxf7 Rdf8 18. Qh5 Nf5 19. Qe2 b5 20. Rf3 Nxd4
21. Bxd4 Ne4 22. a4 Qc4 23. Qxc4+ bxc4 24. Rd1 Kd7 25. g3 Kc6 26. Kg2 Rb8 27.
h4 Rb2 28. Rc1 Ra2 29. Kh3 Nd2 30. Rxc3 Ne4 31. Rf3 Nd2 32. Rf2 Ne4 33. Rg2
Rxa4 34. c3 1-0

[Event "3FoglarVeterans_GM_B"]
[Site "?"]
[Date "2007.??.??"]
[Round "?"]
[White "Jandek, Stefan (CZE)"]
[Black "Teichmann, Cenek (CZE)"]
[Result "1/2-1/2"]
[WhiteElo "2439"]
[BlackElo "2425"]
[PlyCount "53"]
[EventDate "2007.??.??"]
[EventType "corr"]
[SourceDate "2007.05.17"]

1. d4 Nf6 2. c4 e6 3. Nf3 b6 4. g3 Ba6 5. b3 Bb4+ 6. Bd2 Be7 7. Bg2 Bb7 8. Nc3
O-O 9. O-O Na6 10. Bc1 d5 11. Ne5 c5 12. Bb2 Nb4 13. Rc1 Rb8 14. cxd5 exd5 15.
e3 Re8 16. a3 Na6 17. Nb5 Ra8 18. Qe2 Bf8 19. Rfd1 Qe7 20. Nd3 Ne4 21. Nf4 Red8
22. dxc5 bxc5 23. Qh5 Rab8 24. Nxd5 Bxd5 25. Rxd5 Rxd5 26. Qxd5 Nxf2 27. Kxf2
1/2-1/2

[Event "3FoglarVeterans_GM_B"]
[Site "?"]
[Date "2007.??.??"]
[Round "?"]
[White "Borroni, Enrico (ITA)"]
[Black "Roos, Jacqueline (FRA)"]
[Result "1/2-1/2"]
[WhiteElo "2393"]
[BlackElo "2388"]
[PlyCount "75"]
[EventDate "2007.??.??"]
[EventType "corr"]
[SourceDate "2007.05.17"]

1. d4 Nf6 2. c4 e6 3. Nf3 d5 4. cxd5 exd5 5. Nc3 c6 6. Bg5 Be7 7. e3 Bf5 8. Bd3
Bxd3 9. Qxd3 O-O 10. O-O Nbd7 11. Rab1 a5 12. a3 Ne4 13. Bxe7 Qxe7 14. Qc2 f5
15. Ne2 Nb6 16. Ne5 Nd7 17. Nf3 Rf6 18. Nf4 Nd6 19. Nd3 Nc4 20. a4 Rh6 21. Nd2
Nd6 22. b4 Nf6 23. b5 cxb5 24. axb5 Nfe4 25. Rfc1 Rc8 26. Qxc8+ Nxc8 27. Rxc8+
Kf7 28. Nf3 Re6 29. Nfe5+ Kf6 30. Rf8+ Qxf8 31. Nd7+ Ke7 32. Nxf8 Kxf8 33. Ra1
b6 34. Rc1 Ke8 35. Rc7 Kd8 36. Rxg7 Re7 37. Rg8+ Re8 38. Rg7 1/2-1/2

[Event "3FoglarVeterans_GM_B"]
[Site "?"]
[Date "2007.??.??"]
[Round "?"]
[White "Borroni, Enrico (ITA)"]
[Black "Lelenko, Alexej (SVK)"]
[Result "1/2-1/2"]
[WhiteElo "2393"]
[BlackElo "2455"]
[PlyCount "39"]
[EventDate "2007.??.??"]
[EventType "corr"]
[SourceDate "2007.05.17"]

1. d4 Nf6 2. c4 e6 3. Nf3 b6 4. a3 Bb7 5. Nc3 d5 6. cxd5 Nxd5 7. Qc2 Nxc3 8.
bxc3 Be7 9. e4 O-O 10. Bd3 c5 11. O-O Qc7 12. Qe2 Nd7 13. Bb2 Rac8 14. Rad1
Rfd8 15. Rfe1 Nf6 16. Ne5 Bd6 17. f4 Qe7 18. Ra1 b5 19. Kh1 a6 20. Rf1 1/2-1/2

[Event "3FoglarVeterans_GM_B"]
[Site "?"]
[Date "2007.??.??"]
[Round "?"]
[White "Prokopp, Heinz (GER)"]
[Black "Baranowski, Tadeusz (POL)"]
[Result "1/2-1/2"]
[WhiteElo "2427"]
[BlackElo "2488"]
[PlyCount "41"]
[EventDate "2007.??.??"]
[EventType "corr"]
[SourceDate "2007.05.17"]

1. e4 e5 2. Nf3 Nf6 3. Nxe5 d6 4. Nf3 Nxe4 5. d4 Be7 6. Bd3 d5 7. O-O Nc6 8.
Re1 O-O 9. Nbd2 Nxd2 10. Bxd2 Bg4 11. c3 Qd6 12. b4 Rfe8 13. Re3 Bf6 14. Qc2
Rxe3 15. fxe3 g6 16. Rf1 Ne7 17. e4 dxe4 18. Bxe4 c6 19. Bd3 Nd5 20. a3 Re8 21.
Qc1 1/2-1/2

[Event "3FoglarVeterans_GM_B"]
[Site "?"]
[Date "2007.??.??"]
[Round "?"]
[White "Prokopp, Heinz (GER)"]
[Black "Schuster, Juri (EST)"]
[Result "1/2-1/2"]
[WhiteElo "2427"]
[BlackElo "2440"]
[PlyCount "75"]
[EventDate "2007.??.??"]
[EventType "corr"]
[SourceDate "2007.05.17"]

1. e4 e5 2. Nf3 Nc6 3. Bb5 a6 4. Ba4 Nf6 5. O-O Be7 6. Re1 b5 7. Bb3 O-O 8. h3
Bb7 9. d3 d6 10. a3 Na5 11. Ba2 c5 12. Nbd2 Bc8 13. c3 Be6 14. Bxe6 fxe6 15. b4
Nc6 16. Qb3 d5 17. exd5 exd5 18. Nxe5 Nxe5 19. Rxe5 c4 20. dxc4 dxc4 21. Qc2
Bd6 22. Re2 Qd7 23. Nf3 Nd5 24. Ng5 Qf5 25. Qxf5 Rxf5 26. Ne4 Be5 27. Bd2 a5
28. Rd1 axb4 29. axb4 h6 30. Kf1 Rff8 31. Be1 Nf4 32. Re3 Nd3 33. Nc5 Nxc5 34.
bxc5 Bf6 35. f4 Rfc8 36. Rd5 Rc6 37. g4 Kf7 38. Rd7+ 1/2-1/2